000 00499nam a22001577a 4500
003 OSt
005 20150906152227.0
008 150906b xxu||||| |||| 00| 0 eng d
040 _cRUA
082 _aAGR​ ភាវ 1990 B001 Or.1
100 _9119
_aភាវ ជិនថេង
245 _aទិន្នផលប៉េងបោះអាស្រ័យនឹងចំនួនគុម្ពនិងជី
260 _aPhnom Penh
_bRUA
_c1990
300 _a122p.
_bill.
_c29cm.
942 _2ddc
_cAGR
999 _c108
_d108